000 01095naa a22002897a 4500
001 BR9509133
003 BR-BrBNA
005 20240918181427.0
007 ta
008 230509b bl.||||| |||| 00| 0 por d
040 _aBR-BrBNA
_bpor
_cBiblioteca Nacional de Agricultura
041 _a(Pt)
072 _aH10
_b0230
_b4020
090 _aH10 BR9509133
100 1 _aMarques, E.J.
111 1 _a2. Encontro Nacional de Fitossanitaristas
_cSalvador, BA (Brazil)
_d9-13 Aug 1982
245 1 _aControle biologico das pragas da cana-de-acucar no Brasil
260 3 _aSalvador, BA (Brasil):
_c1982.
500 _aMartinell, E.M.(Coord.) 2. Encontro Nacional de Fitossanitaristas. Anais, vol. 1 Salvador, BA (Brasil): 1982. p. 179-192 (BR9509133-AM)H10
650 _aCana de Acucar
650 _aBroca do Colmo
650 _aCigarrinha
650 _aControle Biologico
773 0 _t2. Encontro Nacional de Fitossanitaristas. Anais, vol. 1
_aMartinell, E.M.(Coord.)
_wH10 BR9509133
_gSalvador, BA (Brasil), 1982. p. 179-192
909 _a202404
_bLucia
_c55
_dLucia Elande
942 _cAM
_2AGRIS
999 _c325209
_d325209